Költségvetésből gazdálkodó szervezet gazdálkodási sajátosságai.

Bibliográfiai részletek
Szerző: Zahoreczné Dragonya Renáta
További közreműködők: Simonné dr. Németh Katalin
Rékasi Róbert
Dokumentumtípus: Projektmunka
Kulcsszavak:ÉSZGSZ
Költségvetési szerv
Étkeztetés
Online Access:http://dolgozattar.uni-bge.hu/19612

MARC

LEADER 00000nnm a2200000 i 4500
001 dolg19612
005 20181217143639.0
008 181217suuuu hu o 000 hun d
040 |a BGE Dolgozattár Repozitórium  |b hun 
041 |a hu 
100 1 |a Zahoreczné Dragonya Renáta 
245 1 0 |a Költségvetésből gazdálkodó szervezet gazdálkodási sajátosságai.  |c Zahoreczné Dragonya Renáta  |h [elektronikus dokumentum] 
246 1 1 |a Költségvetésből gazdálkodó szervezet gazdálkodási sajátosságai 
516 |a Project_work 
695 |a ÉSZGSZ 
695 |a Költségvetési szerv 
695 |a Étkeztetés 
700 1 |a Simonné dr. Németh Katalin  |e ths 
700 1 |a Rékasi Róbert  |e ths 
856 4 0 |u http://dolgozattar.uni-bge.hu/19612/1/Dolgozat%20bge%20szakmai%20gyakorlat.pdf  |z Dokumentum-elérés